Kletba krve & kamene /
Uloženo v:
| Série: | Osud a plamen,
část 2 |
|---|---|
| Hlavní autor: | |
| Další autoři: | |
| Médium: | Kniha |
| Jazyk: | Czech |
| Vydáno: |
V Praze :
Fragment,
2025
|
| Vydání: | 1. vydání |
| Témata: | |
| Celkem bylo vypůjčeno: | 0x |
| Příbuzné jednotky: | Z cyklu::
Osud a plamen |
| Tagy: |
Žádné tagy |
| LEADER | 01545nam a2200433 i 4500 | ||
|---|---|---|---|
| 001 | 106485 | ||
| 003 | CZ PrNK | ||
| 005 | 20260604152936.0 | ||
| 007 | ta | ||
| 008 | 250612s2025 xr g 000 f cze | ||
| 015 | |a cnb003686166 | ||
| 020 | |a 9788025373064 |q (brožováno) : |c Kč 549,00 | ||
| 040 | |a ABG001 |b cze |d OLA001 |d BOA001 |e rda | ||
| 041 | 1 | |a cze |h eng | |
| 072 | 7 | |a 821.111-3 |x Anglická próza, anglicky psaná |2 Konspekt |9 25 | |
| 080 | |a 821.111(71)-31 |2 MRF | ||
| 080 | |a (0:82-312.9) |2 MRF | ||
| 100 | 1 | |a Tucker, K. A. |d 1978- |q (Kathleen A.), |7 xx0193435 |4 aut |9 26063 | |
| 240 | 1 | 0 | |a Curse of blood & stone. |l Česky |
| 245 | 1 | 0 | |a Kletba krve & kamene / |c K.A. Tuckerová ; přeložil Josef Kalousek |
| 246 | 3 | |a Kletba krve a kamene | |
| 250 | |a 1. vydání | ||
| 264 | 1 | |a V Praze : |b Fragment, |c 2025 | |
| 300 | |a 466 stran ; |c 21 cm | ||
| 336 | |a text |b txt |2 rdacontent | ||
| 337 | |a bez média |b n |2 rdamedia | ||
| 338 | |a svazek |b nc |2 rdacarrier | ||
| 500 | |a Přeloženo z angličtiny | ||
| 653 | 0 | |a romantasy | |
| 655 | 7 | |a kanadské romány (anglicky) |7 fd139325 |2 czenas |9 54047 | |
| 655 | 7 | |a fantasy romány |7 fd184199 |2 czenas |9 54250 | |
| 655 | 9 | |a Canadian fiction (English) |2 eczenas | |
| 655 | 9 | |a fantasy novels |2 eczenas | |
| 700 | 1 | |a Kalousek, Josef, |d 1997- |7 xx0276944 |4 trl |9 113624 | |
| 787 | 0 | 8 | |i Z cyklu: |t Osud a plamen |g 2 |
| 910 | |a UOG502 | ||
| 942 | |2 ddc |c KN | ||
| 999 | |d 106485 | ||
| 993 | |0 0 |1 421180107205 |2 ddc |4 0 |7 0 |9 99929 |b 0 |c 107205 |d 2026-06-04 |e 0 |f DOSP |h 549.00 |i Koupě |l DOSP |r 2026-06-05 |t 6 |w 2026-06-04 |y KN |z BELET |n | ||